Catalog

Record Details

Catalog Search



A human at the hotel  Cover Image Book Book

A human at the hotel / adapted by Cala Spinner.

Spinner, Cala, (author.).

Summary:

Count Dracula's daughter, Mavis, is a lot like any other teenager: She wants to be taken seriously! So when her father has to leave Hotel Transylvania--the monsters-only hotel he built as a safe haven free of humans--Mavis thinks it's her big chance to prove to him that she can run the hotel all by herself. How hard can it be? Unfortunately for Mavis, Drac calls his sister, Mavis's Aunt Lydia, to watch over Mavis and the hotel while he's gone. Worse, Mavis mistakenly lures a human to the hotel. Can Mavis get the human to leave before Aunt Lydia finds out?-- Publisher's description.

Record details

  • ISBN: 9781534427075
  • ISBN: 1534427074
  • Physical Description: 59 pages : color illustrations ; 20 cm
  • Edition: Simon Spotlight edition.
  • Publisher: New York : Simon Spotlight, [2018]
Subject: Vampires > Juvenile fiction.
Monsters > Juvenile fiction.
Hotels > Juvenile fiction.

LDR 01845cam a2200349Ii 4500
001150071
003CONS
00520190625080250.0
008180821t20182018nyua j 000 1 eng d
020 . ‡a9781534427075 ‡q(hardcover)
020 . ‡a1534427074 ‡q(hardcover)
035 . ‡a(CPomAG)LMN610706
05014. ‡aPZ7.1.S7153 ‡bHu 2018
08204. ‡a[FIC] ‡223
1001 . ‡aSpinner, Cala, ‡eauthor.
24512. ‡aA human at the hotel / ‡cadapted by Cala Spinner.
2461 . ‡iAt the head of title: ‡aHotel Transylvania the series.
250 . ‡aSimon Spotlight edition.
264 1. ‡aNew York : ‡bSimon Spotlight, ‡c[2018]
300 . ‡a59 pages : ‡bcolor illustrations ; ‡c20 cm
336 . ‡atext ‡btxt ‡2rdacontent
337 . ‡aunmediated ‡bn ‡2rdamedia
338 . ‡avolume ‡bnc ‡2rdacarrier
4900 . ‡aHotel Transylvania the series
520 . ‡aCount Dracula's daughter, Mavis, is a lot like any other teenager: She wants to be taken seriously! So when her father has to leave Hotel Transylvania--the monsters-only hotel he built as a safe haven free of humans--Mavis thinks it's her big chance to prove to him that she can run the hotel all by herself. How hard can it be? Unfortunately for Mavis, Drac calls his sister, Mavis's Aunt Lydia, to watch over Mavis and the hotel while he's gone. Worse, Mavis mistakenly lures a human to the hotel. Can Mavis get the human to leave before Aunt Lydia finds out?-- ‡cPublisher's description.
650 0. ‡aVampires ‡vJuvenile fiction.
650 0. ‡aMonsters ‡vJuvenile fiction.
650 0. ‡aHotels ‡vJuvenile fiction.
7300 . ‡iAdaptation of (expression): ‡aHotel Transylvania the series (Television program)
914 . ‡aSCP_LP
959 . ‡i32269001102915 ‡lJF Spi ‡aJuvenile - Fiction ‡tJuv Fiction ‡g18.00
852 . ‡p32269001102915 ‡jJF Spi ‡gJuvenile - Fiction ‡cJuv Fiction ‡y18.00 ‡bSBPL
901 . ‡a150071 ‡bUnknown ‡c150071 ‡tbiblio

Additional Resources